Kultúra startupu na Slovensku diplomová práca

Gespeichert in:
Bibliographische Detailangaben
1. Verfasser: Bednařík, Kristián
Körperschaft: Fakulta podnikového manažmentu EU. Katedra manažmentu
Weitere Verfasser: Tarišková, Natália, 1973-
Format: Buch
Sprache:Slowakisch
Veröffentlicht: Bratislava 2021
Tags: Tag hinzufügen
Keine Tags, Fügen Sie das erste Tag hinzu!

MARC

LEADER 00000nbm a2200000 4500
001 0278199
005 20211125104506.1
041 0 |a slo 
044 |a SK 
245 1 0 |a Kultúra startupu na Slovensku  |b diplomová práca  |c Kristián Bednařík ; školiteľ: Natália Tarišková 
264 1 |a Bratislava  |c 2021 
300 |a 56 s. 
100 1 |a Bednařík, Kristián 
700 1 |a Tarišková, Natália, 1973- 
710 2 |a Fakulta podnikového manažmentu EU. Katedra manažmentu